|
|
|
|
| LEADER |
00000nam0a2200000 4500 |
| 001 |
215686 |
| 005 |
20231101230002.0 |
| 010 |
|
|
|a 9785222188781
|
| 035 |
|
|
|a (RuTPU)RU\TPU\book\235617
|
| 090 |
|
|
|a 215686
|
| 100 |
|
|
|a 20120516d2012 m y0rusy50 ca
|
| 101 |
0 |
|
|a rus
|
| 102 |
|
|
|a RU
|
| 105 |
|
|
|a a j 001zy
|
| 200 |
1 |
|
|a Концепции современного естествознания
|e конспект лекций
|e учебное пособие
|f С. К. Абачиев
|
| 210 |
|
|
|a Ростов-на-Дону
|c Феникс
|d 2012
|
| 215 |
|
|
|a 350 с.
|c ил.
|e CD
|
| 225 |
1 |
|
|a Высшее образование
|
| 320 |
|
|
|a Библиогр.: с. 341-343.
|
| 330 |
|
|
|a Предлагается конспективная версия учебного курса «Концепции современного естествознания» в полном объёме тем, определённых Государственным образовательным стандартом. Книгу отличает организация тематических блоков в соответствии с методологией единства исторического и логического, а также сообразно реальным гносеологическим статусам освещаемых концепций и степени их превращения во влиятельные культурные факторы. Впервые учебное пособие по этой дисциплине дополняется систематическим развитием темы прикладных наук и технического прогресса как прямого продолжения прогресса естественных наук. Данное учебное пособие систематически опирается на результаты ранее изданных автором экспериментальных учебных пособий по традиционной формальной логике и по эволюционной теории познания. В прилагаемом к книге диске помещён словарь-справочник. Его статьи раскрывают содержание 280 понятий, употребляемых в современной философии науки и техники. Вместе с ними данное учебное пособие входит в концептуально-методическое ядро учебного курса «История и философия науки», который введён Государственным образовательным стандартом в качестве обязательного для ряда профилей высшего образования и для аспирантур. Прилагаются тесты для самоконтроля обучаемых по всем основным темам с разбором ответов. Книга адресуется студентам инженерно-технических, гуманитарных и ряда естественнонаучных профилей, аспирантам, преподавателям, а также всем желающим составить для себя адекватную систему представлений о современном плюралистичном и многоукладном научном мировоззрении.
|
| 606 |
1 |
|
|a Естествознание
|x Концептуальные основы
|2 stltpush
|3 (RuTPU)RU\TPU\subj\67376
|9 83201
|
| 610 |
1 |
|
|a научная картина мира
|
| 610 |
1 |
|
|a научное мировоззрение
|
| 610 |
1 |
|
|a ньютоно-картезианская парадигма
|
| 610 |
1 |
|
|a электромагнетизм
|
| 610 |
1 |
|
|a классическая термодинамика
|
| 610 |
1 |
|
|a кибернетика
|
| 610 |
1 |
|
|a синергетика
|
| 610 |
1 |
|
|a эволюционизм
|
| 610 |
1 |
|
|a биология
|
| 610 |
1 |
|
|a человек
|
| 610 |
1 |
|
|a техносфера
|
| 610 |
1 |
|
|a наука
|
| 610 |
1 |
|
|a лекции
|
| 610 |
1 |
|
|a учебные пособия
|
| 675 |
|
|
|a 50(075.8)
|v 3
|
| 700 |
|
1 |
|a Абачиев
|b С. К.
|g Сергей Константинович
|
| 801 |
|
1 |
|a RU
|b 63413507
|c 20120516
|
| 801 |
|
2 |
|a RU
|b 63413507
|c 20150420
|g RCR
|
| 942 |
|
|
|c BK
|
| 959 |
|
|
|a 76/20120516
|d 2
|e 501,20
|f ЧЗТЛ:1
|f АНЛ:1
|